000 00346nam a22001217a 4500
008 230619b xxu||||| |||| 00| 0 eng d
082 _a016.61
_bWHO
110 _bWorld Health Organization
_cGeneva
_d1998
245 _aWorld Health Organizations Catalogue
_bNew Books
_c1991-1998
260 _aGeneva
_bWHO
_c1998
300 _a380p
942 _2ddc
_cBK
999 _c1162
_d1162